Riconosci il Pokémon - Quiz n°363 - Statistics

Statistiche generali
  • Questo quiz è stato fatto 0 volte
  • Il punteggio medio è 0 su 10
Statistiche sulle risposte
Indizio Risposta % Corretto
Altezza 1,8 m
0%
Tasso di cattura 45 (11.9%)
0%
Sesso 50% ♂, 50% ♀
0%
Peso 85,2 kg
0%
Pokémon Dodrio
0%
Abilità Fugafacile, Sveglialampo; Intricopiedi
0%
Tasso di allevamento Medio-Veloce
0%
Tipo Normale / Volante
0%
Generazione Prima
0%
Stadio evoluzione Prima evoluzione
0%
Nessun quiz corrispondente trovato
Distribuzione punteggi
Percentuale di utenti per punteggio
Percentile per numero di risposta
I tuoi punteggi nel tempo
Non hai fatto questo quiz